[Event "Mitropa Cup"]
[Site "Charleville (Frankreich)"]
[Date "2000.12.02"]
[Round "8.3"]
[White "Jelen, Igor"]
[Black "Pingitzer, Harald"]
[Result "1-0"]
[WhiteElo "2429"]
[BlackElo "2278"]
[Annotator "SLOVENIE-AUTRICHE"]
[PlyCount "99"]
[EventDate "2000.12.02"]

1. d4 d5 2. c4 c6 3. Nf3 e6 4. e3 Nf6 5. Bd3 Nbd7 6. O-O a6 7. b3 Bd6 8. Bb2
Ne4 9. Ne5 O-O 10. f3 Nec5 11. Bc2 a5 12. Ng4 Na6 13. Nc3 f5 14. Nf2 Qh4 15.
Nh3 Nb4 16. Bb1 dxc4 17. bxc4 e5 18. a3 Na6 19. c5 Bc7 20. f4 exd4 21. exd4 Kh8
22. Ba2 Nf6 23. Qe1 Qh5 24. Qg3 h6 25. Rae1 Bd7 26. Re7 Qg4 27. Qe1 Rae8 28.
Rf3 Rxe7 29. Qxe7 Re8 30. Qf7 Qh5 31. Qxh5 Nxh5 32. Bf7 Nf6 33. Bxe8 Bxe8 34.
g3 b6 35. cxb6 Bxb6 36. Na4 Ba7 37. Rb3 Nc7 38. Rb7 Nb5 39. Nc5 a4 40. Nf2 Kh7
41. Nxa4 Bxd4 42. Bxd4 Nxd4 43. Nc5 Nd5 44. Nfd3 Bh5 45. a4 Nf3+ 46. Kh1 Nd4
47. a5 Ne2 48. Ne5 Ne3 49. a6 Nc4 50. Ncd3 1-0

[Event "Mitropa Cup"]
[Site "Charleville (Frankreich)"]
[Date "2000.12.02"]
[Round "8.4"]
[White "Fusi, Christoph"]
[Black "Kos, Toni"]
[Result "1/2-1/2"]
[WhiteElo "2275"]
[BlackElo "2400"]
[Annotator "AUTRICHE-SLOVENIE"]
[PlyCount "63"]
[EventDate "2000.12.02"]

1. e4 d6 2. d4 Nf6 3. Nc3 Nc6 4. Nf3 Bg4 5. Bb5 a6 6. Bxc6+ bxc6 7. h3 Bh5 8.
g4 Bg6 9. Qe2 e6 10. Bg5 Be7 11. O-O-O Qb8 12. h4 h5 13. Bxf6 Bxf6 14. g5 Be7
15. Nd2 Qb4 16. Nb3 a5 17. a3 Qb7 18. f4 a4 19. Nd2 Kd7 20. Rde1 Rhb8 21. Nd1
Ra5 22. f5 Rb5 23. Nc4 d5 24. fxe6+ Kc8 25. exd5 Rxb2 26. Ndxb2 Bxa3 27. c3 Qb3
28. Rh2 Qxc3+ 29. Kd1 Qb3+ 30. Kc1 Qc3+ 31. Kd1 Qb3+ 32. Kc1 1/2-1/2

[Event "Mitropa Cup"]
[Site "Charleville (Frankreich)"]
[Date "2000.12.02"]
[Round "8.2"]
[White "Belotti, Bruno"]
[Black "Fressinet, Laurent"]
[Result "0-1"]
[WhiteElo "2417"]
[BlackElo "2536"]
[Annotator "ITALIE-FRANCE"]
[PlyCount "84"]
[EventDate "2000.12.02"]

1. e4 c5 2. Nf3 d6 3. d4 cxd4 4. Nxd4 Nf6 5. Nc3 a6 6. Be2 e5 7. Nb3 Be7 8. O-O
O-O 9. Kh1 b5 10. a4 b4 11. Nd5 Bb7 12. a5 Nxe4 13. Ra4 Nc6 14. Nxb4 Nxb4 15.
Rxb4 Qc8 16. f4 Ng3+ 17. Kg1 Nxf1 18. Qxf1 d5 19. Rb6 f6 20. c3 Rb8 21. Be3 Kh8
22. Qf2 Qc7 23. Nc5 exf4 24. Bd4 Bxc5 25. Bxc5 Rfd8 26. Bd4 Re8 27. Bd3 Re4 28.
Qh4 Rf8 29. b4 f3 30. Bxe4 dxe4 31. Qg3 Qf7 32. h3 Re8 33. Be3 fxg2 34. Qxg2
Bc8 35. b5 axb5 36. a6 Qc7 37. Bd4 e3 38. Rxf6 e2 39. Qxe2 Qg3+ 40. Kh1 Qxh3+
41. Kg1 Qg3+ 42. Kh1 Qe1+ 0-1

[Event "Mitropa Cup"]
[Site "Charleville (Frankreich)"]
[Date "2000.12.02"]
[Round "8.4"]
[White "Mantovani, Renzo"]
[Black "Degraeve, Jean-Marc"]
[Result "0-1"]
[WhiteElo "2410"]
[BlackElo "2540"]
[Annotator "ITALIE-FRANCE"]
[PlyCount "86"]
[EventDate "2000.12.02"]

1. d4 Nf6 2. Nf3 c5 3. d5 e6 4. Nc3 exd5 5. Nxd5 Nxd5 6. Qxd5 d6 7. Bg5 Qb6 8.
Qb3 Be6 9. Qxb6 axb6 10. e4 Nc6 11. a3 Be7 12. Bb5 Bxg5 13. Nxg5 Ke7 14. Bxc6
bxc6 15. Nxe6 fxe6 16. Kd2 Ra4 17. f3 Rha8 18. c3 b5 19. Rae1 c4 20. h4 c5 21.
Kc2 b4 22. axb4 cxb4 23. cxb4 Rxb4 24. Ra1 Rab8 25. Ra7+ Kf6 26. Rb1 d5 27.
exd5 exd5 28. Rd7 R8b5 29. g4 Rb3 30. g5+ Kg6 31. f4 Rh3 32. Rf1 Rxh4 33. Rf2
Rh3 34. Rd6+ Kf5 35. Rd7 Rhb3 36. Kc1 g6 37. Rxh7 d4 38. Rf7+ Kg4 39. Rd7 d3
40. Rd4 c3 41. f5+ Kg3 42. Rff4 cxb2+ 43. Kb1 gxf5 0-1

[Event "Mitropa Cup"]
[Site "Charleville (Frankreich)"]
[Date "2000.12.02"]
[Round "8.1"]
[White "Gustafsson, Jan"]
[Black "Kalod, Radek"]
[Result "1/2-1/2"]
[WhiteElo "2506"]
[BlackElo "2483"]
[Annotator "ALLEMAGNE-REPUBLIQUE TCHEQUE"]
[PlyCount "87"]
[EventDate "2000.12.02"]

1. d4 Nf6 2. c4 e6 3. Nc3 d5 4. cxd5 exd5 5. Bg5 Be7 6. e3 O-O 7. Bd3 c6 8. Qc2
Nbd7 9. Nf3 Re8 10. O-O Nf8 11. h3 g6 12. Bh6 Nh5 13. Rab1 a5 14. a3 Ng7 15. b4
axb4 16. axb4 Bf5 17. Bxg7 Bxd3 18. Qxd3 Kxg7 19. b5 Ra3 20. bxc6 bxc6 21. Qc2
Qa8 22. Rfc1 Bd6 23. Rb6 Nd7 24. Rb2 Rb8 25. Rxb8 Bxb8 26. Nb1 Ra6 27. Nbd2 Ra1
28. g3 Bd6 29. Rxa1 Qxa1+ 30. Kg2 Qa6 31. Ne1 c5 32. dxc5 Nxc5 33. Nef3 Kg8 34.
Nd4 Bf8 35. N2f3 Ne4 36. Nd2 Nc5 37. N2f3 Ne4 38. Qe2 Qa4 39. Nd2 Bg7 40. Nxe4
dxe4 41. Qb5 Qxb5 42. Nxb5 f5 43. f3 exf3+ 44. Kxf3 1/2-1/2

[Event "Mitropa Cup"]
[Site "Charleville (Frankreich)"]
[Date "2000.12.02"]
[Round "8.2"]
[White "Cvek, Robert"]
[Black "Doettling, Fabian"]
[Result "0-1"]
[WhiteElo "2408"]
[BlackElo "2473"]
[Annotator "REPUBLIQUE TCHEQUE-ALLEMAGNE"]
[PlyCount "82"]
[EventDate "2000.12.02"]

1. d4 Nf6 2. c4 e6 3. Nf3 d5 4. Nc3 Be7 5. Bg5 O-O 6. e3 Nbd7 7. Rc1 a6 8. cxd5
exd5 9. Be2 Re8 10. O-O c6 11. Qc2 Nf8 12. Bxf6 Bxf6 13. b4 Be7 14. Rb1 Bd6 15.
a4 Ng6 16. Rfe1 Qf6 17. e4 dxe4 18. Bd3 Bf5 19. Nxe4 Bxe4 20. Bxe4 Re7 21. g3
Rd8 22. Kg2 Nf8 23. b5 cxb5 24. axb5 a5 25. Re3 Bb4 26. h4 h6 27. Qe2 Ne6 28.
d5 Nc5 29. Rc1 Rde8 30. Rc4 Qd6 31. h5 Kf8 32. Rd4 Nxe4 33. Rexe4 Bc5 34. Ra4
Qxd5 35. Rxe7 Rxe7 36. Qc2 b6 37. Rf4 Kg8 38. Rf5 Qe4 39. Qxe4 Rxe4 40. Ne5 Rb4
41. Nxf7 a4 0-1

[Event "Mitropa Cup"]
[Site "Charleville (Frankreich)"]
[Date "2000.12.02"]
[Round "8.4"]
[White "Vrana, Frantisek"]
[Black "Handke, Florian"]
[Result "0-1"]
[WhiteElo "2285"]
[BlackElo "2455"]
[Annotator "REPUBLIQUE TCHEQUE-ALLEMAGNE"]
[PlyCount "70"]
[EventDate "2000.12.02"]

1. e4 c5 2. Ne2 Nc6 3. g3 g6 4. d4 cxd4 5. Nxd4 Bg7 6. Ne2 d6 7. Bg2 Nf6 8.
Nbc3 O-O 9. O-O Bd7 10. a4 Rc8 11. Nd5 Nxd5 12. exd5 Ne5 13. h3 Qc7 14. Nd4 a6
15. b3 Qc3 16. Be3 b5 17. axb5 Bxb5 18. Re1 Rfe8 19. Ra2 Nd3 20. Nf3 Nxe1 21.
Nxe1 Bd7 22. Bd2 Qd4 23. Nd3 Bf5 24. Be3 Qc3 25. Bd2 Qc7 26. Nb4 h5 27. g4 hxg4
28. hxg4 Bd7 29. Nxa6 Qb6 30. Be3 Qb7 31. Bf1 e6 32. dxe6 Rxe6 33. c4 Bc6 34.
g5 Bf3 35. Qd3 Re4 0-1

[Event "Mitropa Cup"]
[Site "Charleville (Frankreich)"]
[Date "2000.12.02"]
[Round "8.1"]
[White "Varga, Zoltan"]
[Black "Plachetka, Jan"]
[Result "0-1"]
[WhiteElo "2541"]
[BlackElo "2373"]
[Annotator "HONGRIE-SLOVAQUIE"]
[PlyCount "92"]
[EventDate "2000.12.02"]

1. c4 e6 2. e4 c5 3. Nf3 Nc6 4. Nc3 Nf6 5. a3 d5 6. cxd5 exd5 7. e5 Ne4 8. Bd3
Bf5 9. Qb3 c4 10. Qxb7 Nc5 11. Qxc6+ Bd7 12. Qxd5 Nxd3+ 13. Kf1 Rc8 14. b4 Qb6
15. Qd4 Qxd4 16. Nxd4 Nxe5 17. Bb2 Nd3 18. Nd1 Bd6 19. Bc3 O-O 20. Ne3 f5 21.
Nec2 f4 22. Ne1 Be5 23. Ndf3 Bf6 24. h4 Rfe8 25. h5 Bd8 26. Nxd3 cxd3 27. Be5
Rc4 28. Bc3 Bb6 29. a4 Re2 30. a5 Bxf2 31. Ne5 Rxc3 32. dxc3 Bf5 33. b5 Bc5 34.
Nf3 Rf2+ 35. Ke1 Rxg2 36. Rh2 Rg3 37. Nd2 Rg1+ 38. Nf1 Be3 39. b6 axb6 40. axb6
Bxb6 41. Rb2 Be3 42. Ra8+ Kf7 43. Rb7+ Kf6 44. Rf8+ Ke6 45. Re8+ Kd6 46. Rd8+
Kc6 0-1

[Event "Mitropa Cup"]
[Site "Charleville (Frankreich)"]
[Date "2000.12.02"]
[Round "8.3"]
[White "Ruck, Robert"]
[Black "Kujovic, Michal"]
[Result "1-0"]
[WhiteElo "2489"]
[BlackElo "2244"]
[Annotator "HONGRIE-SLOVAQUIE"]
[PlyCount "89"]
[EventDate "2000.12.02"]

1. Nf3 d5 2. d4 Nf6 3. c4 c6 4. Nc3 g6 5. e3 Bg7 6. Be2 O-O 7. O-O Bg4 8. b3
Re8 9. h3 Bxf3 10. Bxf3 e6 11. Bb2 Nbd7 12. Rc1 Nb6 13. Be2 Nc8 14. Qc2 Nd6 15.
Bd3 h5 16. c5 Nf5 17. b4 a6 18. a4 h4 19. Nb1 Nd7 20. Nd2 Qg5 21. Nf3 Qh5 22.
b5 Ne7 23. bxa6 bxa6 24. Be2 Qh6 25. Rb1 g5 26. Bc3 f5 27. Rb7 Nf6 28. Ne5 Ne4
29. Rfb1 g4 30. hxg4 h3 31. Bf3 Nxc3 32. Qxc3 Bxe5 33. dxe5 fxg4 34. Bxg4 hxg2
35. Kxg2 Rf8 36. Rg1 d4 37. Qxd4 Nf5 38. Bxf5 Rxf5 39. Qg4+ Rg5 40. Qxg5+ Qxg5+
41. Kf1 Qxg1+ 42. Kxg1 Rd8 43. Rb6 Rd5 44. Rxc6 Rxe5 45. Rxa6 1-0

[Event "Mitropa Cup"]
[Site "Charleville (Frankreich)"]
[Date "2000.12.02"]
[Round "8.4"]
[White "Pinter, Erik"]
[Black "Horvath, Adam"]
[Result "0-1"]
[WhiteElo "2238"]
[BlackElo "2425"]
[Annotator "SLOVAQUIE-HONGRIE"]
[PlyCount "68"]
[EventDate "2000.12.02"]

1. e4 c5 2. Nc3 Nc6 3. f4 g6 4. Nf3 Bg7 5. Bc4 e6 6. O-O Nge7 7. d3 O-O 8. Qe1
d5 9. Bb3 Na5 10. Bd2 b6 11. Nd1 Nec6 12. Ba4 dxe4 13. dxe4 Nd4 14. c3 Nxf3+
15. Rxf3 Nc4 16. Bc1 Bb7 17. Bc2 Kh8 18. Rd3 Qc7 19. Ne3 Nxe3 20. Qxe3 f5 21.
e5 c4 22. Rd1 g5 23. fxg5 Bxe5 24. Qh3 Rg8 25. Re1 Rg7 26. Bd1 Rag8 27. Bh5 Bd5
28. Qh4 Bd6 29. g6 f4 30. Rf1 Bc5+ 31. Kh1 Rxg6 32. Bxg6 Rxg6 33. Qh3 Rxg2 34.
Qxg2 Qc6 0-1

[Event "Mitropa Cup"]
[Site "Charleville (Frankreich)"]
[Date "2000.12.02"]
[Round "8.1"]
[White "Ekstroem, Roland"]
[Black "Kozul, Zdenko"]
[Result "1/2-1/2"]
[WhiteElo "2487"]
[BlackElo "2611"]
[Annotator "SUISSE-CROATIE"]
[PlyCount "86"]
[EventDate "2000.12.02"]

1. d4 Nf6 2. Nf3 g6 3. g3 Bg7 4. Bg2 d5 5. c4 dxc4 6. Qa4+ Nfd7 7. Nbd2 Nc6 8.
Nxc4 O-O 9. Be3 a6 10. Na5 Nb6 11. Nxc6 Nxa4 12. Nxd8 Rxd8 13. b3 Nc3 14. Rc1
Nb5 15. a4 Nxd4 16. Nxd4 Bxd4 17. Bxd4 Rxd4 18. Rxc7 Rb8 19. Rxe7 Be6 20. O-O
Rb4 21. a5 Rxb3 22. f4 b6 23. Ra1 Rb2 24. Bf3 Kf8 25. Rc7 h5 26. Kf2 Bg4 27.
axb6 R8xb6 28. Ra3 Re6 29. Bxg4 hxg4 30. Re3 Rxe3 31. Kxe3 Rb6 32. Ra7 Re6+ 33.
Kd3 Rd6+ 34. Ke3 Kg7 35. Kf2 Kf6 36. Kg2 Re6 37. e4 Rb6 38. h3 Rb2+ 39. Kh1
gxh3 40. Rxa6+ Kg7 41. Ra7 Rg2 42. e5 Re2 43. e6 Rxe6 1/2-1/2

[Event "Mitropa Cup"]
[Site "Charleville (Frankreich)"]
[Date "2000.12.02"]
[Round "8.2"]
[White "Cvitan, Ognjen"]
[Black "Gallagher, Joseph"]
[Result "1/2-1/2"]
[WhiteElo "2541"]
[BlackElo "2514"]
[Annotator "CROATIE-SUISSE"]
[PlyCount "53"]
[EventDate "2000.12.02"]

1. Nf3 d6 2. d4 Nf6 3. c4 g6 4. g3 Bg7 5. Bg2 O-O 6. O-O Nbd7 7. Nc3 e5 8. e4
a6 9. dxe5 dxe5 10. Qc2 c6 11. Rd1 Qe7 12. h3 b5 13. a3 Bb7 14. Be3 Rfc8 15.
Nd2 a5 16. Ne2 Nc5 17. Nc3 Ncd7 18. cxb5 cxb5 19. Qb3 b4 20. axb4 Bc6 21. Nb5
Qe6 22. Nc3 Qe7 23. Nb5 a4 24. Qd3 Nc5 25. Qb3 Ncd7 26. Nc3 Nc5 27. Nb5 1/2-1/2

[Event "Mitropa Cup"]
[Site "Charleville (Frankreich)"]
[Date "2000.12.02"]
[Round "8.3"]
[White "Pelletier, Yannick"]
[Black "Sulava, Nenad"]
[Result "1-0"]
[WhiteElo "2474"]
[BlackElo "2549"]
[Annotator "SUISSE-CROATIE"]
[PlyCount "73"]
[EventDate "2000.12.02"]

1. Nf3 Nf6 2. c4 Nc6 3. d4 e6 4. g3 d5 5. Qc2 Nb4 6. Qb3 dxc4 7. Qxc4 e5 8.
Qb5+ c6 9. Qxe5+ Be6 10. Na3 Bd6 11. Qg5 Nxa2 12. Bd2 h6 13. Qe3 O-O 14. Qd3
Nb4 15. Qb1 Bd5 16. Bg2 Re8 17. Kf1 Qe7 18. Ne5 Bxe5 19. dxe5 Qxe5 20. Bxb4
Qxe2+ 21. Kg1 Ng4 22. Bc5 b6 23. h3 Ne5 24. Bxd5 cxd5 25. Bd6 Nd3 26. Qf1 Rad8
27. Nb5 Qxb2 28. Rb1 Qe2 29. Rd1 Nb2 30. Qxe2 Rxe2 31. Rxd5 Nc4 32. Rd4 Nd2 33.
Kg2 Nb3 34. Rdd1 Rc8 35. g4 Rcc2 36. Bg3 Ra2 37. Nc3 1-0

[Event "Mitropa Cup"]
[Site "Charleville (Frankreich)"]
[Date "2000.12.02"]
[Round "8.4"]
[White "Golubovic, Boris"]
[Black "Zueger, Beat"]
[Result "1/2-1/2"]
[WhiteElo "2466"]
[BlackElo "2416"]
[Annotator "CROATIE-SUISSE"]
[PlyCount "112"]
[EventDate "2000.12.02"]

1. e4 e6 2. d4 d5 3. Nd2 Nf6 4. e5 Nfd7 5. c3 c5 6. Bd3 Nc6 7. Ne2 cxd4 8. cxd4
f6 9. exf6 Nxf6 10. O-O Bd6 11. Nf3 O-O 12. Re1 Qc7 13. g3 Nh5 14. Ng5 g6 15.
f4 Qg7 16. Nf3 Bd7 17. Be3 Nf6 18. Kg2 Bc7 19. Nc3 Rad8 20. Rc1 Ba5 21. Bg1 Kh8
22. a3 Ne4 23. b4 Nxc3 24. Rxc3 Bb6 25. Bb1 Rc8 26. h4 Ne7 27. Rc5 Nf5 28. Ne5
Bxc5 29. dxc5 d4 30. Be4 Rfd8 31. Kh2 Be8 32. Qf3 Rc7 33. Rd1 Qe7 34. Rd2 h5
35. Nc4 Kh7 36. Nd6 Bc6 37. Bxc6 Rxc6 38. Ne4 Kg8 39. Ng5 a6 40. Qe4 Qf6 41.
Rd3 Rd7 42. Nf3 Rd5 43. Bxd4 Nxd4 44. Rxd4 Rxd4 45. Nxd4 Rc7 46. Qxe6+ Qxe6 47.
Nxe6 Rd7 48. Nd4 Rc7 49. Nf3 Rd7 50. Ne5 Rd2+ 51. Kg1 Rd7 52. Kh2 Rc7 53. Nf3
Rd7 54. c6 Rd1 55. Ne5 Rd2+ 56. Kg1 Rd8 1/2-1/2

[Event "Mitropa Cup"]
[Site "Charleville (Frankreich)"]
[Date "2000.12.03"]
[Round "9.3"]
[White "Sulava, Nenad"]
[Black "Jelen, Igor"]
[Result "1/2-1/2"]
[WhiteElo "2549"]
[BlackElo "2429"]
[Annotator "CROATIE-SLOVENIE"]
[PlyCount "100"]
[EventDate "2000.12.03"]

1. Nf3 c5 2. c4 Nf6 3. g3 d5 4. d4 dxc4 5. Qa4+ Nc6 6. dxc5 e6 7. Bg2 Bd7 8.
Qxc4 Qa5+ 9. Bd2 Qxc5 10. Na3 Qxc4 11. Nxc4 Ne4 12. O-O Nxd2 13. Nfxd2 Be7 14.
Ne4 O-O 15. Rfd1 Rfd8 16. Ned6 Rab8 17. Rac1 Kf8 18. b4 b5 19. Na5 Nxa5 20.
bxa5 Bxd6 21. Rxd6 Be8 22. Ra6 Rd7 23. f4 Rbd8 24. Kf2 Re7 25. Be4 b4 26. Bd3
Rb7 27. Rc5 Rdb8 28. Rd6 Ke7 29. Rd4 Rd8 30. Ke3 Rxd4 31. Kxd4 Kd8 32. Kc4 Ba4
33. Be4 b3 34. axb3 Bxb3+ 35. Kc3 Rb8 36. Bxh7 g6 37. Bg8 e5 38. Rxe5 f6 39.
Bxb3 fxe5 40. Bc4 exf4 41. gxf4 Ke7 42. Bd3 Kf6 43. Kc4 Rh8 44. Kb5 Rxh2 45.
Ka6 Rh7 46. Be4 Re7 47. Bb7 Rxe2 48. Kxa7 Ra2 49. a6 Rxa6+ 50. Bxa6 Kf5 1/2-1/2

[Event "Mitropa Cup"]
[Site "Charleville (Frankreich)"]
[Date "2000.12.03"]
[Round "9.4"]
[White "Kos, Toni"]
[Black "Golubovic, Boris"]
[Result "1/2-1/2"]
[WhiteElo "2400"]
[BlackElo "2466"]
[Annotator "SLOVENIE-CROATIE"]
[PlyCount "68"]
[EventDate "2000.12.03"]

1. e4 c5 2. Nf3 e6 3. c3 Nf6 4. e5 Nd5 5. g3 Nc6 6. Bg2 d6 7. exd6 Bxd6 8. O-O
O-O 9. d4 cxd4 10. Nxd4 Nxd4 11. Qxd4 Qc7 12. Nd2 Bd7 13. Ne4 Bb5 14. Re1 Be7
15. Ng5 Rfd8 16. Qe4 Bxg5 17. Bxg5 Rd7 18. Qg4 Bd3 19. Rad1 Bc2 20. Rd2 Bf5 21.
Qd1 h6 22. Bf4 Qc5 23. Re5 Rad8 24. Bxd5 Rxd5 25. Rexd5 Rxd5 26. Rxd5 exd5 27.
Kg2 Qc4 28. a3 g5 29. Bc1 Qe4+ 30. f3 Qb1 31. g4 Bd3 32. Qe1 a5 33. Kg3 Kh7 34.
Qe3 Bc4 1/2-1/2

[Event "Mitropa Cup"]
[Site "Charleville (Frankreich)"]
[Date "2000.12.03"]
[Round "9.1"]
[White "Plachetka, Jan"]
[Black "Ekstroem, Roland"]
[Result "1/2-1/2"]
[WhiteElo "2373"]
[BlackElo "2487"]
[Annotator "SLOVAQUIE-SUISSE"]
[PlyCount "31"]
[EventDate "2000.12.03"]

1. d4 Nf6 2. Nf3 d5 3. c4 e6 4. Nc3 c5 5. cxd5 Nxd5 6. e4 Nxc3 7. bxc3 cxd4 8.
cxd4 Bb4+ 9. Bd2 Bxd2+ 10. Qxd2 O-O 11. Bc4 Nc6 12. O-O e5 13. d5 Na5 14. Be2
f6 15. Qb4 b6 16. Nd2 1/2-1/2

[Event "Mitropa Cup"]
[Site "Charleville (Frankreich)"]
[Date "2000.12.03"]
[Round "9.2"]
[White "Gallagher, Joseph"]
[Black "Balogh, Tomas"]
[Result "1-0"]
[WhiteElo "2514"]
[BlackElo "2421"]
[Annotator "SUISSE-SLOVAQUIE"]
[PlyCount "57"]
[EventDate "2000.12.03"]

1. d4 Nf6 2. c4 g6 3. Nc3 Bg7 4. e4 d6 5. f3 O-O 6. Nge2 c5 7. d5 a6 8. a4 e6
9. Ng3 exd5 10. cxd5 Nbd7 11. Be2 h5 12. Bg5 Qc7 13. Qd2 Nh7 14. Bh6 Rb8 15.
Bxg7 Kxg7 16. O-O Kg8 17. Qh6 Qd8 18. Nh1 c4 19. Bxc4 Ne5 20. Be2 Qb6+ 21. Nf2
Qxb2 22. Qe3 Qb4 23. Bxa6 Qa5 24. Bb5 Nf6 25. Qd4 Ned7 26. f4 Qb6 27. Qxb6 Nxb6
28. a5 Nbd7 29. Nd3 1-0

[Event "Mitropa Cup"]
[Site "Charleville (Frankreich)"]
[Date "2000.12.03"]
[Round "9.3"]
[White "Kujovic, Michal"]
[Black "Pelletier, Yannick"]
[Result "1/2-1/2"]
[WhiteElo "2244"]
[BlackElo "2474"]
[Annotator "SLOVAQUIE-SUISSE"]
[PlyCount "72"]
[EventDate "2000.12.03"]

1. d4 Nf6 2. Nf3 e6 3. Bg5 h6 4. Bh4 c5 5. c3 b6 6. Nbd2 Bb7 7. e3 Be7 8. h3
O-O 9. Bd3 cxd4 10. exd4 Nh5 11. Bxe7 Qxe7 12. O-O Nf4 13. Be4 Bxe4 14. Nxe4 d5
15. Ng3 Nc6 16. Re1 b5 17. Ne2 Nxe2+ 18. Qxe2 Qb7 19. Nd2 b4 20. Nb3 Rfb8 21.
Nc5 Qc8 22. f4 bxc3 23. bxc3 Rb6 24. f5 e5 25. dxe5 Ne7 26. Na4 Ra6 27. f6 Rxa4
28. fxe7 Qc5+ 29. Kh1 Re4 30. Qf3 Re8 31. Rxe4 dxe4 32. Qxe4 Rxe7 33. Rb1 Qxe5
34. Qxe5 Rxe5 35. Rb8+ Kh7 36. Rb7 Ra5 1/2-1/2

[Event "Mitropa Cup"]
[Site "Charleville (Frankreich)"]
[Date "2000.12.03"]
[Round "9.4"]
[White "Zueger, Beat"]
[Black "Pinter, Erik"]
[Result "1-0"]
[WhiteElo "2416"]
[BlackElo "2238"]
[Annotator "SUISSE-SLOVAQUIE"]
[PlyCount "87"]
[EventDate "2000.12.03"]

1. Nf3 Nf6 2. g3 g6 3. b3 Bg7 4. Bb2 O-O 5. Bg2 d6 6. d4 c6 7. O-O b5 8. Nbd2
a5 9. a3 a4 10. b4 Nbd7 11. e4 Nb6 12. Qe2 Ba6 13. Rfe1 Qc7 14. h3 Rfd8 15.
Rab1 Rac8 16. Qe3 c5 17. bxc5 dxc5 18. d5 Ra8 19. Be5 Qc8 20. c4 Nxc4 21. Nxc4
bxc4 22. Qc3 Ra7 23. Nd2 Bh6 24. Nxc4 Nd7 25. Nb6 Qb7 26. Nxa4 Qa8 27. Nb6 Qb7
28. Nxd7 Qxd7 29. Qxc5 Rc8 30. Rb8 Rxb8 31. Bxb8 Rb7 32. Bf4 Bf8 33. Qc6 Bb5
34. Qxd7 Bxd7 35. Bd2 e6 36. Bb4 Rb6 37. Rb1 Ba4 38. Bf3 exd5 39. exd5 Rb5 40.
h4 Rb6 41. Kf1 Bc5 42. Be4 Bd4 43. Rc1 Rf6 44. Rc8+ 1-0

[Event "Mitropa Cup"]
[Site "Charleville (Frankreich)"]
[Date "2000.12.03"]
[Round "9.2"]
[White "Acs, Peter"]
[Black "Cvek, Robert"]
[Result "1-0"]
[WhiteElo "2497"]
[BlackElo "2408"]
[Annotator "HONGRIE-REPUBLIQUE TCHEQUE"]
[PlyCount "121"]
[EventDate "2000.12.03"]

1. e4 e5 2. Nf3 Nc6 3. Bb5 Nf6 4. O-O Nxe4 5. d4 Nd6 6. Bxc6 dxc6 7. dxe5 Nf5
8. Qxd8+ Kxd8 9. Nc3 Bd7 10. Rd1 Kc8 11. Ng5 Be8 12. Nge4 b6 13. h3 Kb7 14. g4
Nh4 15. f4 c5 16. Kf2 Ng6 17. b3 h6 18. Be3 Bc6 19. Nd5 Re8 20. Ng3 Nh4 21. c4
Ng6 22. Nh5 Rg8 23. Rd2 Be7 24. Nxe7 Rxe7 25. Rad1 Ree8 26. Rd3 a5 27. a4 Kc8
28. Bc1 Nf8 29. Bb2 Nh7 30. Ng3 g6 31. Ne2 f6 32. exf6 Ref8 33. Re3 Nxf6 34.
Re6 Ne4+ 35. Ke3 Re8 36. Rxc6 Nc3+ 37. Kd2 Ne4+ 38. Ke3 Nc3+ 39. Kd2 Ne4+ 40.
Ke1 Kb7 41. Rf6 Nxf6 42. Bxf6 Re3 43. Kf2 Rxh3 44. Nc3 Rf8 45. Be5 Rf7 46. Re1
h5 47. g5 Rh2+ 48. Kg3 Rb2 49. Rb1 Rd2 50. Rf1 Rf5 51. Nd5 Rf7 52. Bf6 h4+ 53.
Kxh4 Rh7+ 54. Kg4 Rdh2 55. f5 R7h3 56. Kf4 Rh4+ 57. Ke3 R4h3+ 58. Rf3 gxf5 59.
Rxh3 Rxh3+ 60. Kf4 c6 61. Nc3 1-0

[Event "Mitropa Cup"]
[Site "Charleville (Frankreich)"]
[Date "2000.12.03"]
[Round "9.3"]
[White "Pisk, Petr"]
[Black "Ruck, Robert"]
[Result "0-1"]
[WhiteElo "2400"]
[BlackElo "2489"]
[Annotator "REPUBLIQUE TCHEQUE-HONGRIE"]
[PlyCount "88"]
[EventDate "2000.12.03"]

1. e4 c5 2. Nf3 d6 3. d4 cxd4 4. Nxd4 Nf6 5. Nc3 a6 6. Be3 Ng4 7. Bc1 Nc6 8. h3
Nf6 9. Be3 e5 10. Nde2 Be6 11. f4 Qa5 12. f5 Bc4 13. Qd2 d5 14. Nxd5 Bxd5 15.
Qxa5 Nxa5 16. exd5 Nxd5 17. Bd2 Bb4 18. O-O-O Bxd2+ 19. Rxd2 O-O-O 20. Ng3 Nf4
21. Ne4 Rxd2 22. Nxd2 Rd8 23. g3 Nd5 24. a3 f6 25. Bd3 Ne7 26. Be4 b6 27. c3
Nb7 28. b4 Nd6 29. Bd3 Nb5 30. Bc4 Kb7 31. Bxb5 axb5 32. g4 Rd3 33. Kc2 Re3 34.
Rd1 Kc6 35. c4 Rxa3 36. cxb5+ Kxb5 37. Ne4 Re3 38. Rd7 Nxf5 39. Nc3+ Kc6 40.
Rf7 Nd6 41. Rxg7 Rxh3 42. Re7 Rg3 43. Re6 Rxc3+ 44. Kxc3 Kd7 0-1

[Event "Mitropa Cup"]
[Site "Charleville (Frankreich)"]
[Date "2000.12.03"]
[Round "9.4"]
[White "Horvath, Adam"]
[Black "Vrana, Frantisek"]
[Result "1-0"]
[WhiteElo "2425"]
[BlackElo "2285"]
[Annotator "HONGRIE-REPUBLIQUE TCHEQUE"]
[PlyCount "99"]
[EventDate "2000.12.03"]

1. e4 e6 2. d4 d5 3. Nc3 dxe4 4. Nxe4 Nd7 5. Nf3 Ngf6 6. Nxf6+ Nxf6 7. Bd3 c5
8. dxc5 Bxc5 9. O-O O-O 10. Bg5 b6 11. Qe2 Bb7 12. Rad1 Qc7 13. Ne5 Be7 14.
Rfe1 Rad8 15. c4 Rd6 16. Rd2 Rfd8 17. Red1 Qc5 18. Bf4 Kf8 19. Bxh7 Rxd2 20.
Rxd2 Rxd2 21. Qxd2 g6 22. Nd7+ Nxd7 23. Qxd7 Kg7 24. Qxb7 Qxc4 25. g3 Bf6 26.
Bh6+ Kxh7 27. Qxf7+ Kxh6 28. Qxf6 Qc8 29. Kg2 Qe8 30. Qf4+ Kg7 31. Qc7+ Kf6 32.
Qxa7 Qc6+ 33. Kh3 g5 34. Qb8 Qe4 35. Qf8+ Kg6 36. Qe8+ Kf6 37. Qh5 Qd5 38. Qh6+
Ke7 39. Qg7+ Ke8 40. Qg6+ Kd7 41. Qf7+ Kd8 42. Kg4 Qe4+ 43. Kxg5 Qe5+ 44. Kg4
Qxb2 45. a4 e5 46. h4 Qd4+ 47. Kg5 Qd2+ 48. Kg6 Qc2+ 49. Kg7 Qxa4 50. h5 1-0

[Event "Mitropa Cup"]
[Site "Charleville (Frankreich)"]
[Date "2000.12.03"]
[Round "9.1"]
[White "Arlandi, Ennio"]
[Black "Gustafsson, Jan"]
[Result "1/2-1/2"]
[WhiteElo "2437"]
[BlackElo "2506"]
[Annotator "ITALIE-ALLEMAGNE"]
[PlyCount "66"]
[EventDate "2000.12.03"]

1. d4 Nf6 2. c4 e6 3. Nc3 Bb4 4. Qc2 O-O 5. a3 Bxc3+ 6. Qxc3 b6 7. Bg5 Ba6 8.
e3 d6 9. Nf3 Nbd7 10. b4 c5 11. dxc5 bxc5 12. Bd3 h6 13. Bh4 d5 14. cxd5 Nxd5
15. Bxd8 Nxc3 16. Bxa6 Rfxd8 17. O-O Nd5 18. Bb7 Rab8 19. Bxd5 exd5 20. Rfd1
cxb4 21. axb4 Nf6 22. Nd4 Rd7 23. b5 Ne4 24. Rdc1 Nd6 25. Rc5 Rdb7 26. g3 Nxb5
27. Nxb5 Rxb5 28. Rxb5 Rxb5 29. Rxa7 h5 30. h4 g6 31. Kg2 Kg7 32. Ra6 Rc5 33.
Kf3 Rb5 1/2-1/2

[Event "Mitropa Cup"]
[Site "Charleville (Frankreich)"]
[Date "2000.12.03"]
[Round "9.3"]
[White "Mantovani, Renzo"]
[Black "Grund, Holger"]
[Result "0-1"]
[WhiteElo "2410"]
[BlackElo "2475"]
[Annotator "ITALIE-ALLEMAGNE"]
[PlyCount "78"]
[EventDate "2000.12.03"]

1. e4 c6 2. Nc3 d5 3. Nf3 Bg4 4. h3 Bh5 5. exd5 cxd5 6. Bb5+ Nc6 7. g4 Bg6 8.
Ne5 Rc8 9. Qe2 d4 10. Ne4 Nf6 11. Ng5 Qd5 12. O-O Nd7 13. Nxd7 d3 14. Bxd3 Qxg5
15. Nxf8 Kxf8 16. c3 Bxd3 17. Qxd3 h5 18. f4 Qc5+ 19. Qe3 Qxe3+ 20. dxe3 hxg4
21. hxg4 g5 22. Kg2 Rh4 23. Kg3 Kg7 24. Bd2 Rch8 25. Kf3 Rh2 26. Rad1 gxf4 27.
Kxf4 Rg2 28. c4 Rh4 29. Bc3+ Kg6 30. Ke4 Rhxg4+ 31. Kd3 f5 32. Rd2 Rxd2+ 33.
Kxd2 Rxc4 34. Rh1 Rg4 35. Rh8 Kf7 36. Rc8 Rg8 37. Rc7 Rb8 38. b4 Ke6 39. b5 Kd6
0-1